[Event "Manila ol (Men)"]
[Site "Manila"]
[Date "1992.??.??"]
[Round "?"]
[White "Psakhis, Lev"]
[Black "Granda Zuniga, Julio E"]
[Result "1/2-1/2"]
[WhiteElo "2605"]
[BlackElo "2615"]

1.e4 c6 2.d4 d5 3.exd5 cxd5 4.c4 Nf6 5.Nc3 Nc6 6.Bg5 e6 7.c5 Bd7 8.Bb5 b6
9.cxb6 Qxb6 10.Bxf6 gxf6 11.Nge2 a6 12.Bxc6 Bxc6 13.Rb1 Bd6 14.O-O h5 15.b4 Ke7
16.Qd2 Bb5 17.Rfe1 Rag8 18.Nxb5 axb5 19.Nc3 Kf8 20.Qd3 Qb8 21.h3 Rg5 22.Qxb5 Rhg8
23.Qxb8+ Bxb8 24.a4 Rxg2+ 25.Kf1 Rh2 26.a5 Rxh3 27.Nb5 Bf4 28.a6 Ke7 29.Ke2 Ra8
30.a7 Kd7 31.Rec1 Rh4 32.Rc5 Rg4 33.Rb3 Rgg8 34.Rbc3 Rgd8 35.Kf3 Bd6 36.Nxd6 Kxd6
37.Rc7 Rd7 38.R3c6+ Ke7 39.b5 Rxa7 40.b6 Ra8 41.Rxd7+ Kxd7 42.Rc7+ Kd6 43.Rxf7 Rb8
44.b7 f5 45.Kf4 h4 46.Rh7 h3 47.Kg3 Kc6 48.Re7 Rxb7 49.Rxe6+ Kb5 50.Rh6 Kc4
51.Rxh3 Kxd4 52.Kf4 Kc4 53.Rh1 d4 54.Kxf5 d3 55.f4 Re7 56.Kf6 Re2 57.f5 d2
58.Rd1  1/2-1/2

[Event "New York Reshevsky"]
[Site "New York"]
[Date "1992.??.??"]
[Round "2"]
[White "Granda Zuniga, Julio E"]
[Black "Benjamin, Joel"]
[Result "1-0"]
[WhiteElo "2565"]
[BlackElo "2570"]

1.c4 e5 2.g3 Nc6 3.Bg2 g6 4.e3 Bg7 5.Ne2 f5 6.d3 Nf6 7.Nbc3 O-O 8.O-O d6
9.b3 Ne7 10.Bb2 c6 11.f4 Be6 12.Qd2 Qc7 13.Nd1 Rae8 14.Nf2 Kh8 15.Rae1 Neg8
16.e4 Bc8 17.c5 Nd7 18.cxd6 Qxd6 19.d4 exf4 20.Nxf4 Ngf6 21.exf5 gxf5 22.Qa5 Ne4
23.Bxe4 fxe4 24.Nxe4 Bxd4+ 25.Rf2 Qe5 26.Qxe5+ Bxe5 27.Nd6 Bxb2 28.Rxe8 Rxe8
29.Rxb2 Rf8 30.Rf2 Ne5 31.Nd3 Rxf2 32.Nxf2 Be6 33.Nxb7 Bf5 34.Nc5 Kg7 35.Kg2 Kf7
36.Nd1 Ke7 37.Nc3 Kd6 38.N5e4+ Ke7 39.h4 h6 40.Kf2 Bg6 41.Ke3 Ke6 42.Kd4 Bh5
43.Nf2 Bf3 44.b4 Kf5 45.a4 Nd7 46.a5 Nb8 47.Ke3 Bg2 48.g4+ Ke6 49.Nd3 Bf1
50.Nc5+ Ke5 51.N3e4 Bc4 52.Nd2 Bf7 53.Nf3+ Kd5 54.h5 Bg8 55.Kd3 Bh7+ 56.Kc3 Bb1
57.Kb2  1-0

[Event "New York Reshevsky"]
[Site "New York"]
[Date "1992.??.??"]
[Round "3"]
[White "Rohde, Michael A"]
[Black "Granda Zuniga, Julio E"]
[Result "0-1"]
[WhiteElo "2585"]
[BlackElo "2565"]

1.e4 c5 2.Nf3 Nc6 3.c3 Nf6 4.e5 Nd5 5.d4 cxd4 6.Bc4 Nb6 7.Bb3 d5 8.exd6 Qxd6
9.O-O Be6 10.Na3 Bxb3 11.axb3 a6 12.cxd4 Qd5 13.Qd3 e6 14.Nc4 Qb5 15.Bf4 Rc8
16.Nfd2 Nd5 17.Bd6 Nf6 18.Bxf8 Kxf8 19.Nf3 Rd8 20.Rfd1 Ke7 21.Qe3 Rd5 22.Nce5 Rhd8
23.Nxc6+ Qxc6 24.Rdc1 Qb6 25.Rc3 Rf5 26.Rc5 Nd5 27.Qd3 Nb4 28.Qc4 Rxd4 29.Qxd4 Qxc5
30.Qxg7 Nd3 31.Rf1 Nf4 32.Qxh7 Nxg2 33.Kxg2 Qd5 34.Qh4+ f6 35.Qh7+ Kd6 36.Qh3 Rg5+
37.Kh1 Rf5 38.Qg3+ e5 39.Kg1 Rxf3 40.Qg7 Rf5 41.Qf8+ Kd7 42.Qg7+ Ke8 43.Qh8+ Ke7
44.Qg7+ Qf7 45.Qxf7+ Kxf7 46.Rc1 Rg5+ 47.Kf1 Rg7 48.Ke2 Ke6 49.Rc3 Rh7 50.h3 f5
51.Rg3 f4 52.Rc3 Kd5 53.Kd2 e4 54.Ke2 b5 55.b4 Kd4 56.Kd2 Rh6 57.b3 Rh8 58.Rc7 Rxh3
59.Rd7+ Ke5 60.Re7+ Kf5 61.Rf7+ Kg4  0-1

[Event "New York Reshevsky"]
[Site "New York"]
[Date "1992.??.??"]
[Round "4"]
[White "Wolff, Patrick G"]
[Black "Granda Zuniga, Julio E"]
[Result "0-1"]
[WhiteElo "2590"]
[BlackElo "2565"]

1.e4 c6 2.d4 d5 3.Nd2 dxe4 4.Nxe4 Nd7 5.Ng5 Ngf6 6.Bd3 e6 7.N1f3 h6 8.Nxe6 fxe6
9.Bg6+ Ke7 10.O-O Qc7 11.Re1 Kd8 12.c4 Bb4 13.Re2 Nf8 14.Ne5 Nxg6 15.Nxg6 Re8
16.c5 Ba5 17.Qa4 Nd5 18.Ne5 Bd7 19.a3 b5 20.Qc2 Qb8 21.Qh7 Bc7 22.Qxg7 Bxe5
23.Rxe5 Kc8 24.Bxh6 Qc7 25.Bd2 Kb7 26.a4 a5 27.Qg3 Rg8 28.Qd3 b4 29.Rae1 Rh8
30.Bg5 Rag8 31.h4 Qc8 32.g3 Qf8 33.f4 Qf7 34.Kf2 Ne7 35.Bxe7 Qxe7 36.Qf3 Qf6
37.R1e3 Rg7 38.Rd3 Be8 39.Rde3 Bf7 40.f5 Bh5 41.Rxe6 Qxe6 42.Rxe6 Bxf3 43.Kxf3 Rhg8
44.f6 Rxg3+ 45.Kf4 R8g4+ 46.Ke5 Rxh4 47.Re7+ Ka6 48.f7 Rf3 49.Re6 Rxf7 50.Rxc6+ Ka7
51.d5 Re7+ 52.Kd6 Reh7  0-1

[Event "New York Reshevsky"]
[Site "New York"]
[Date "1992.??.??"]
[Round "7"]
[White "Granda Zuniga, Julio E"]
[Black "Psakhis, Lev"]
[Result "1/2-1/2"]
[WhiteElo "2565"]
[BlackElo "2570"]

1.d4 e6 2.c4 Nf6 3.Nf3 b6 4.g3 Ba6 5.b3 Bb4+ 6.Bd2 Be7 7.Bg2 O-O 8.O-O Bb7
9.Nc3 d5 10.cxd5 exd5 11.Ne5 Na6 12.Be3 Re8 13.Rc1 Bd6 14.Bf4 c6 15.e4 Nc7
16.Nxc6 Bxc6 17.Bxd6 Qxd6 18.e5 Qd8 19.exf6 Qxf6 20.Qf3 Qd6 21.Rfe1 Rad8
22.Bh3 g6 23.Ne2 Bd7  1/2-1/2

[Event "New York Reshevsky"]
[Site "New York"]
[Date "1992.??.??"]
[Round "8"]
[White "Polgar, Judit"]
[Black "Granda Zuniga, Julio E"]
[Result "1/2-1/2"]
[WhiteElo "2575"]
[BlackElo "2565"]

1.e4 c6 2.d4 d5 3.exd5 cxd5 4.c4 Nf6 5.Nc3 e6 6.Nf3 Bb4 7.cxd5 Nxd5 8.Qb3 Nc6
9.Bd3 O-O 10.O-O Be7 11.a3 Qb6 12.Qc2 h6 13.Be3 Rd8 14.Rad1 Bf6 15.Qd2 Nce7
16.Ne4 Nf5 17.Nxf6+ Nxf6 18.Ne5 Bd7 19.g4 Nxe3 20.fxe3 Bb5 21.h4 Bxd3 22.Qxd3 Rd5
23.Rf2 Rad8 24.Qe2 Ne4 25.Rf3 f6 26.Ng6 R5d7 27.Qc2 Qc6 28.Qxc6 bxc6 29.Rf4 Nc5
30.Rff1 e5 31.Rc1 Nb3 32.Rxc6 exd4 33.exd4 Nxd4 34.Rc4 Re8 35.Kg2 Re4 36.Rf4 Rxf4
37.Nxf4 g5 38.Ng6 gxh4 39.Nxh4 Kf7 40.Ra4 Nc6 41.Nf3 a5 42.Rc4 Ne5 43.Nxe5+ fxe5
44.Kf3 Rd2 45.Rc7+ Ke6 46.Rb7 Kd6 47.b3 a4 48.bxa4  1/2-1/2

[Event "Oviedo rapid45"]
[Site "Oviedo"]
[Date "1992.??.??"]
[Round "3"]
[White "Granda Zuniga, Julio E"]
[Black "Santos, Luis"]
[Result "1-0"]
[WhiteElo "2615"]
[BlackElo "2385"]

1.d4 d5 2.c4 dxc4 3.e3 e5 4.Bxc4 exd4 5.exd4 Nf6 6.Nc3 Be7 7.Nge2 O-O 8.O-O c6
9.Bf4 Bf5 10.Ng3 Bg6 11.h4 h6 12.h5 Bh7 13.Re1 Nbd7 14.Qf3 Nb6 15.Bb3 Qd7
16.Nge4 Nxe4 17.Nxe4 Qxd4 18.Qg3 Bf6 19.Rad1 Qxe4 20.Rxe4 Bxe4 21.Bxh6 Kh8
22.Bf4 Nd5 23.h6 Rg8 24.f3 Nxf4 25.hxg7+  1-0

[Event "Oviedo rapid45"]
[Site "Oviedo"]
[Date "1992.??.??"]
[Round "5"]
[White "Granda Zuniga, Julio E"]
[Black "Fernandez, Jose"]
[Result "1-0"]
[WhiteElo "2615"]
[BlackElo "2210"]

1.d4 Nf6 2.c4 g6 3.Nf3 Bg7 4.g3 d5 5.Bg2 dxc4 6.Na3 O-O 7.O-O c3 8.bxc3 c5
9.e3 Nc6 10.Qe2 Nd5 11.Bb2 Nb6 12.Rad1 Na4 13.Ba1 Qa5 14.Nc4 Qa6 15.Rfe1 cxd4
16.exd4 e6 17.Rb1 Ne7 18.Bf1 Bd7 19.Qc2 b5 20.Nfe5 Be8 21.Na3 Rb8 22.c4 b4
23.Nb5 Qa5 24.Nd6 Bc6 25.Bh3 Qc7 26.Ndxf7 Rxf7 27.Nxf7 Kxf7 28.Bxe6+ Kf8
29.d5 Bxa1 30.Rxa1  1-0

[Event "Oviedo rapid45"]
[Site "Oviedo"]
[Date "1992.??.??"]
[Round "7"]
[White "Granda Zuniga, Julio E"]
[Black "Rublevsky, Sergei"]
[Result "0-1"]
[WhiteElo "2615"]
[BlackElo "2505"]

1.d4 d5 2.c4 dxc4 3.e3 Nf6 4.Bxc4 e6 5.Nf3 c5 6.O-O a6 7.Qe2 b5 8.Bd3 cxd4
9.exd4 Be7 10.a4 bxa4 11.Rxa4 O-O 12.Nc3 Bb7 13.Bg5 Nc6 14.Rd1 Nd5 15.Nxd5 Qxd5
16.Bxe7 Nxe7 17.Rda1 Nf5 18.Qe5 Qb3 19.Bxf5 exf5 20.Qxf5 Bxf3 21.Qxf3 Qxb2
22.d5 Rfd8 23.d6 Rac8 24.Rd1 Rc1 25.g3 Qf6 26.Qe2 Rxd1+ 27.Qxd1 Qxd6 28.Qf1 Ra8
29.Ra5 g6 30.h4 h5 31.Qa1 Qd3 32.Ra3 Qe2 33.Ra2 Qf3 34.Ra3 Qb7 35.Qf6 Re8
36.Ra1 Re6 37.Qd4 Rb6  0-1

[Event "Oviedo rapid45"]
[Site "Oviedo"]
[Date "1992.??.??"]
[Round "8"]
[White "Granda Zuniga, Julio E"]
[Black "Arkell, Keith C"]
[Result "0-1"]
[WhiteElo "2615"]
[BlackElo "2460"]

1.d4 Nf6 2.Nf3 e6 3.g3 b5 4.Bg2 Bb7 5.O-O c5 6.c3 h6 7.Qd3 a6 8.Nbd2 d5 9.Ne5 Nbd7
10.f4 Bd6 11.Kh1 Rc8 12.a3 cxd4 13.cxd4 Qc7 14.b4 Qc2 15.Nb3 Rc3 16.Qxc2 Rxc2
17.Bf3 Ne4 18.Nd3 Rc7 19.Ndc5 Nb6 20.Nxb7 Rxb7 21.Bxe4 dxe4 22.Bd2 Nc4 23.Rfc1 Kd7
24.Bc3 f6 25.Nc5+ Bxc5 26.dxc5 Rd8 27.Kg1 Kc6 28.Kf2 Rbd7 29.g4 f5 30.Be5 Nxe5
31.fxe5 Rd4  0-1

[Event "Tilburg"]
[Site "Tilburg"]
[Date "1992.??.??"]
[Round "1"]
[White "Rohde, Michael A"]
[Black "Granda Zuniga, Julio E"]
[Result "1-0"]
[WhiteElo "2585"]
[BlackElo "2565"]

1.e4 c5 2.Nf3 Nc6 3.Bb5 e6 4.O-O Nge7 5.c3 a6 6.Ba4 b5 7.Bc2 Bb7 8.a4 Ng6
9.axb5 axb5 10.Rxa8 Qxa8 11.d4 cxd4 12.Nxd4 Nxd4 13.Qxd4 Be7 14.Re1 e5 15.Qd3 Bc6
16.Nd2 O-O 17.Nf1 Bc5 18.b4 Bb6 19.Ng3 Ne7 20.Bb3 Qa7 21.Rf1 d5 22.exd5 Nxd5
23.Nf5 Rd8 24.Qe4 f6 25.Rd1 Kh8 26.h3 Qd7 27.Rd3 g6 28.Nh6 Kg7 29.Ng4 Qf5
30.Bh6+ Kh8 31.Qxf5 gxf5 32.Ne3 Nxe3 33.Rxd8+ Bxd8 34.fxe3 Bb6 35.Kf1 Be4
36.Be6 Bd3+ 37.Ke1 Be4 38.g3 f4 39.exf4 exf4 40.gxf4 Be3 41.Ke2 Bc1 42.Bd7 Kg8
43.Bxb5 Kf7 44.Bd3 Bxd3+ 45.Kxd3 Kg6 46.Kc2 Be3 47.Kd3 Bc1 48.Bf8  1-0

[Event "Tilburg"]
[Site "Tilburg"]
[Date "1992.??.??"]
[Round "2"]
[White "Granda Zuniga, Julio E"]
[Black "Rohde, Michael A"]
[Result "1/2-1/2"]
[WhiteElo "2565"]
[BlackElo "2585"]

1.d4 Nf6 2.c4 e6 3.Nf3 Bb4+ 4.Nbd2 d5 5.a3 Be7 6.g3 O-O 7.Bg2 b6 8.O-O Bb7
9.cxd5 exd5 10.b4 c6 11.Nb3 Nbd7 12.Bf4 Nh5 13.Bd2 Bd6 14.Rc1 Re8 15.Ne1 g6
16.Nd3 Rc8 17.Re1 Ndf6 18.Bg5 Ng7 19.f3 Ne6 20.Be3 a5 21.bxa5 bxa5 22.Qd2 Bxa3
23.Ra1 Bd6 24.Rxa5 Nd7 25.Rc1 Nb6 26.Nb2 Qe7 27.Ra7 Ra8 28.Rxa8 Rxa8 29.Bf2 Ra2
30.Rc2 Bb4 31.Qd1 Ra3 32.Rc1 Ra2 33.Nd3 Nc4 34.Rb1 Bd6 35.e4 Ba6 36.exd5 cxd5
37.f4 Nd2 38.Nxd2 Bxd3 39.Rc1 Nc7 40.Rc3 Be2 41.Qe1 Ra3 42.Rc6 Ra6 43.Rc1 Ra7
44.Ne4 Ba3 45.Rb1 Bd3 46.Nc5 Qxe1+ 47.Rxe1 Bc4 48.Rb1 Na6 49.Rb6 Nc7 50.h4 Kg7
51.g4 Bc1 52.f5 gxf5 53.gxf5 Bf4 54.Bh3 Ne8 55.Kg2 Nf6 56.Kf3 Bc7 57.Rb1 Ra3+
58.Be3 h5 59.Rb7 Ng4 60.Ne6+ Kf6 61.Bxg4 hxg4+ 62.Kg2 Ra2+ 63.Bf2 fxe6 64.Rxc7 exf5
65.Rc8 Bd3 66.Kg1 Be4 67.Kf1 Ra1+ 68.Ke2 Ra2+ 69.Kf1 Ra1+ 70.Ke2 Ra2+  1/2-1/2

[Event "Tilburg rapid"]
[Site "Tilburg"]
[Date "1992.??.??"]
[Round "4"]
[White "Vladimirov, Evgeny"]
[Black "Granda Zuniga, Julio E"]
[Result "1/2-1/2"]
[WhiteElo "2585"]
[BlackElo "2565"]

1.d4 d5 2.c4 c6 3.Nf3 Nf6 4.Nc3 dxc4 5.a4 Bf5 6.e3 e6 7.Bxc4 Bb4 8.O-O O-O
9.Qe2 Ne4 10.Bd3 Nxc3 11.bxc3 Bxc3 12.Rb1 Qc8 13.Ba3 Re8 14.Ng5 Qd7 15.Rfc1 Ba5
16.e4 Bg6 17.e5 Bd8 18.Ne4 Bxe4 19.Qxe4 g6 20.h4 a5 21.h5 Na6 22.hxg6 fxg6
23.Qg4 Kg7 24.d5 Nb4 25.Bxb4 axb4 26.Rxb4 Qxd5 27.Rxb7+ Re7 28.Qb4 c5 29.Rxe7+ Bxe7
30.Qb5 Rf8 31.Qc4 Qxe5 32.a5 Rf4 33.Qc2 c4 34.Bxc4 Qxa5 35.Bxe6 Qe5 36.Bb3 Re4
37.Qd1 Bc5 38.Qd2 Re2 39.Qd7+ Qe7  1/2-1/2

[Event "Biel Interzonal"]
[Site "Biel"]
[Date "1993.??.??"]
[Round "10"]
[White "Granda Zuniga, Julio E"]
[Black "Lobron, Eric"]
[Result "1/2-1/2"]
[WhiteElo "2605"]
[BlackElo "2575"]

1.d4 Nf6 2.Nf3 e6 3.c4 b6 4.g3 Ba6 5.b3 Bb4+ 6.Bd2 Be7 7.Bg2 Bb7 8.O-O O-O
9.Nc3 Na6 10.e3 d5 11.Qe2 c5 12.Rfd1 Qc8 13.Be1 Rd8 14.cxd5 exd5 15.Rac1 h6
16.Ne5 Qe6 17.f4 cxd4 18.Nb5 Bd6 19.Nc6 Re8 20.Ncxd4 Qd7 21.Bh3 Qd8 22.Nxd6 Qxd6
23.Nf5 Qd8 24.b4 Ne4 25.Qb2 f6 26.Qe2 Nd6 27.Qh5 Nxf5 28.Bxf5 Rxe3 29.Qg6 d4
30.Qh7+ Kf8 31.Bg6 Qd5 32.Qh8+ Ke7 33.Qxg7+ Kd6 34.Qxf6+ Re6 35.Qxd4 Rxe1+
36.Kf2 Rxd1 37.Qf6+ Kd7 38.Qg7+ Kd6 39.Qf6+ Kd7 40.Bf5+ Ke8 41.Bg6+  1/2-1/2

[Event "Biel Interzonal"]
[Site "Biel"]
[Date "1993.??.??"]
[Round "12"]
[White "Granda Zuniga, Julio E"]
[Black "Akopian, Vladimir"]
[Result "1-0"]
[WhiteElo "2605"]
[BlackElo "2600"]

1.d4 d5 2.c4 c6 3.Nc3 Nf6 4.Nf3 e6 5.e3 Nbd7 6.Bd3 dxc4 7.Bxc4 b5 8.Bd3 Bb7
9.a3 b4 10.axb4 Bxb4 11.O-O c5 12.Na2 O-O 13.Nxb4 cxb4 14.b3 Qb6 15.Bb2 Rfc8
16.Nd2 a5 17.e4 Ba6 18.Nc4 Bxc4 19.bxc4 e5 20.Re1 Rd8 21.Rc1 Qc7 22.f4 exd4
23.e5 Ne8 24.Be4 Nc5 25.Bd5 d3 26.f5 Ra6 27.e6 fxe6 28.fxe6 Qe7 29.Bd4 Nf6
30.Re5 Kh8 31.Kh1 a4 32.Bxc5 Qxc5 33.Qxd3 Ng4 34.Rf5 Rxe6 35.Qf3 Rg6 36.Rf1 Nf6
37.Bf7 Qd4 38.Bxg6 hxg6 39.Rf4 Qe5 40.c5 Rb8 41.Qg3 Re8 42.c6 Qc5 43.c7 Kh7
44.Qh4+ Nh5 45.Rc4 Qb5 46.Rd1 Rc8 47.Qg4 Qe8 48.Qxc8 Qxc8 49.Rd8 Qf5 50.Rc1  1-0

[Event "Buenos Aires Najdorf"]
[Site "Buenos Aires"]
[Date "1993.??.??"]
[Round "6"]
[White "Illescas Cordoba, Miguel"]
[Black "Granda Zuniga, Julio E"]
[Result "1/2-1/2"]
[WhiteElo "2615"]
[BlackElo "2590"]

1.Nf3 d5 2.d4 Nf6 3.c4 c6 4.e3 g6 5.Nc3 Bg7 6.Be2 O-O 7.O-O a6 8.h3 dxc4
9.Bxc4 b5 10.Bd3 c5 11.dxc5 Nfd7 12.Qe2 Nxc5 13.Bc2 Bb7 14.Rd1 Nbd7 15.Bd2 Nb6
16.Be1 Qb8 17.a3 Rc8 18.Ra2 Nba4 19.Nd4 Nxc3 20.Bxc3 Bd5 21.Raa1 Qb7 22.Qf1 e5
23.Ne2 Nb3 24.Rab1 a5 25.Nc1 Nc5 26.f3 e4 27.Bxg7 Kxg7 28.b4 Na4 29.Rxd5 Rxc2
30.fxe4 Qa7 31.Qd3 Rc3 32.Qd4+ Qxd4 33.exd4 Rxa3 34.Ne2 Re3 35.Rxb5 Rxe2
36.Rxa5 Nc3 37.Rxa8 Nxb1 38.e5 Rb2 39.Ra7 Rxb4 40.e6 Rxd4 41.Rxf7+ Kg8 42.Rf1 Re4  1/2-1/2

[Event "Buenos Aires Najdorf"]
[Site "Buenos Aires"]
[Date "1993.??.??"]
[Round "7"]
[White "Granda Zuniga, Julio E"]
[Black "Seirawan, Yasser"]
[Result "1-0"]
[WhiteElo "2590"]
[BlackElo "2595"]

1.Nf3 Nf6 2.c4 c5 3.Nc3 e6 4.g3 b6 5.Bg2 Bb7 6.O-O Nc6 7.e4 e5 8.d3 g6 9.Nxe5 Nxe5
10.f4 Nc6 11.e5 Ng8 12.f5 Nh6 13.Ne4 Nxf5 14.Nf6+ Ke7 15.Nd5+ Ke8 16.Nf6+ Ke7
17.g4 Nfd4 18.Qe1 Qb8 19.Nd5+ Kd8 20.Bg5+ Kc8 21.Rxf7 Ne6 22.Bf6 Ncd8 23.Re7 Rg8
24.Re8 Bc6 25.Bxd8 Nxd8 26.Nf6 Rh8 27.Bxc6 dxc6 28.Qe4 Qc7 29.e6 Bg7 30.e7 Rxe8
31.Nxe8 Bd4+ 32.Kh1 Qd7 33.Nd6+ Qxd6 34.e8=Q a5 35.Rf1 Ra7 36.Rf8 Rd7 37.Q4e6 Qxe6
38.Qxe6 Kc7 39.Qe2 Bg7 40.Rf2 Bd4 41.Rf3 Nf7 42.Rf4 Nd6 43.Kg2 Nc8 44.b3 Re7
45.Re4 Rf7 46.Qe1 Rd7 47.Qg3+ Kb7 48.h3 Rf7 49.h4 Rd7 50.Re6 Bc3 51.Qf3 Nd6
52.Qf8 Nc8 53.Re8 Rc7 54.Rd8 Bg7 55.Qe8 Bf6 56.Rxc8  1-0

[Event "Buenos Aires Najdorf"]
[Site "Buenos Aires"]
[Date "1993.??.??"]
[Round "8"]
[White "Shirov, Alexei"]
[Black "Granda Zuniga, Julio E"]
[Result "1/2-1/2"]
[WhiteElo "2670"]
[BlackElo "2590"]

1.e4 e5 2.f4 exf4 3.Bc4 Qh4+ 4.Kf1 Nf6 5.Nf3 Qh5 6.Nc3 c6 7.d3 d5 8.exd5 cxd5
9.Bb5+ Nc6 10.Bxf4 Be6 11.Qd2 Be7 12.Re1 Nd7 13.Ne5 d4 14.Ne4 Ndxe5 15.Ng3 Nf3
16.Nxh5 Nxd2+ 17.Bxd2 O-O 18.Nf4 Nb4 19.Nxe6 fxe6+ 20.Ke2 Nxc2 21.Rc1 Ne3
22.Rc7 Bd6 23.Rxb7 Rab8 24.Rxb8  1/2-1/2

[Event "Buenos Aires Najdorf"]
[Site "Buenos Aires"]
[Date "1993.??.??"]
[Round "9"]
[White "Granda Zuniga, Julio E"]
[Black "Kamsky, Gata"]
[Result "1-0"]
[WhiteElo "2590"]
[BlackElo "2655"]

1.d4 Nf6 2.c4 g6 3.Nf3 Bg7 4.g3 O-O 5.Bg2 d6 6.O-O Nbd7 7.Nc3 e5 8.e4 c6
9.b3 exd4 10.Nxd4 Re8 11.Bb2 Nc5 12.Qc2 Qe7 13.b4 Ne6 14.Nb3 Bd7 15.Rae1 Rad8
16.f4 Bc8 17.Qf2 a6 18.h3 h5 19.c5 Nh7 20.cxd6 Qxd6 21.a3 Qc7 22.e5 h4 23.gxh4 Bh6
24.Ne2 Rd3 25.Nbc1 Rd2 26.Bc3 Bxf4 27.Bxd2 Bxd2 28.Rd1 Bh6 29.Nd3 Ng7 30.Ng3 Nf5
31.Nxf5 Bxf5 32.h5 a5 33.Qg3 Kh8 34.hxg6 Bxg6 35.Qh4 Bg5 36.Qc4 axb4 37.axb4 Qb6+
38.Nc5 Rxe5 39.Qc3 f6 40.Kh1 Qc7 41.Qg3 Nf8 42.Qg4 Re7 43.Ne4 Bxe4 44.Bxe4 Qe5
45.Bf5 Qe2 46.Qxe2 Rxe2 47.Rde1 Re5 48.Rxe5 fxe5 49.Bc8 Be7 50.Rf7 Bxb4 51.Rxb7 Bd2
52.Bf5 c5 53.Rc7 e4 54.Bxe4 Ne6 55.Rh7+ Kg8 56.Rd7 Nd4 57.Kg2 Be1 58.Rc7 Kf8
59.Bd5 Ke8 60.Rxc5 Kd7 61.Rc4 Nf5 62.Re4 Nh4+ 63.Kf1 Bg3 64.Rg4 Nf5 65.Rg6 Ne3+
66.Ke2 Bf4 67.Bc6+ Kc7 68.Kf3 Bd6 69.Kxe3 Kxc6 70.Ke4 Kd7 71.Kf5 Be7 72.Re6 Ke8
73.Kg6 Kf8 74.Rxe7  1-0

[Event "Elenite"]
[Site "Elenite"]
[Date "1993.??.??"]
[Round "1"]
[White "Granda Zuniga, Julio E"]
[Black "Sokolov, Ivan"]
[Result "0-1"]
[WhiteElo "2605"]
[BlackElo "2610"]

1.d4 d5 2.c4 c6 3.Nc3 Nf6 4.Nf3 a6 5.e3 b5 6.cxd5 cxd5 7.Ne5 e6 8.Bd3 Bb7
9.O-O Bd6 10.Bd2 O-O 11.Qb1 Nbd7 12.f4 b4 13.Na4 h6 14.a3 Qe7 15.Rc1 bxa3
16.bxa3 Rab8 17.Bb4 Ba8 18.Bxd6 Qxd6 19.Qc2 a5 20.Qc7 Qxc7 21.Rxc7 Rb7 22.Rac1 Nxe5
23.fxe5 Rxc7 24.Rxc7 Ng4 25.Nb6 Rb8 26.Nd7 Rd8 27.Bb5 Nxe3 28.g4 Nxg4 29.Ra7 Rc8
30.h3 Ne3 31.Nb6 Rc1+ 32.Kf2 Nd1+ 33.Ke1 Bc6 34.Bxc6 Nb2+ 35.Kd2 Rxc6 36.Nd7 Nc4+
37.Kd3 Rc8 38.a4 g5 39.Rb7 Kg7 40.Rb5 Kg6 41.Rb7 h5 42.Nf6 Nd6 43.Nxd5 exd5
44.exd6 Rd8 45.Rb5 Rxd6 46.Rxa5 g4 47.hxg4 hxg4 48.Ra8 Kf5  0-1

[Event "Elenite"]
[Site "Elenite"]
[Date "1993.??.??"]
[Round "2"]
[White "Georgiev, Kiril"]
[Black "Granda Zuniga, Julio E"]
[Result "1-0"]
[WhiteElo "2660"]
[BlackElo "2605"]

1.c4 c5 2.Nf3 Nc6 3.Nc3 Nf6 4.g3 d5 5.cxd5 Nxd5 6.Bg2 Nb6 7.O-O e5 8.b3 Be7
9.Bb2 Be6 10.Rc1 O-O 11.d3 Rc8 12.Nd2 Nd5 13.Nxd5 Bxd5 14.Bh3 Rc7 15.e4 Be6
16.Bxe6 fxe6 17.Qg4 Rf6 18.Nc4 Rg6 19.Qe2 Bd6 20.Kg2 Rf7 21.h4 Bc7 22.h5 Rgf6
23.Ne3 b6 24.a3 a5 25.Bc3 Rd7 26.Rfd1 Rf8 27.h6 g6 28.b4 axb4 29.axb4 Bd6
30.b5 Nd4 31.Bxd4 exd4 32.Nc4 Rdf7 33.Rf1 Bf4 34.Ra1 Bxh6 35.Qg4 Re8 36.Ra6 Rb7
37.Rfa1 Qd7 38.Nxb6 Qxb5 39.Nc4 Bf8 40.Rxe6 Qd7 41.Raa6 Qc8 42.Rac6  1-0

[Event "Elenite"]
[Site "Elenite"]
[Date "1993.??.??"]
[Round "8"]
[White "Granda Zuniga, Julio E"]
[Black "Smirin, Ilia"]
[Result "1-0"]
[WhiteElo "2605"]
[BlackElo "2640"]

1.d4 Nf6 2.Nf3 g6 3.g3 Bg7 4.Bg2 O-O 5.O-O d6 6.c4 Nc6 7.Nc3 Bf5 8.b3 Ne4
9.Bb2 Nxc3 10.Bxc3 Be4 11.Qd2 e5 12.d5 Nb8 13.Rfe1 Re8 14.Rac1 Nd7 15.Bf1 Bxf3
16.exf3 f5 17.b4 b6 18.Bd3 Re7 19.Re2 Qf8 20.Rce1 h5 21.Kh1 Kh7 22.Bc2 Rd8
23.Ba4 Rf7 24.Qc2 f4 25.g4 hxg4 26.Rg1 e4 27.Bxd7 Rdxd7 28.Rxg4 Bxc3 29.Qxc3 Qh6
30.Rxe4 Rf5 31.h4 Rdf7 32.Kg2 Rh5 33.Re8 Qg7 34.Qd3 Rhf5 35.Qe4 R7f6 36.a4 a5
37.bxa5 bxa5 38.Qe1 Rf7 39.Re6 Rh5 40.Qxa5 Qh6 41.Kh3 Qg7 42.Qe1 Rf6 43.Rg5 Rxe6
44.Rxh5+ gxh5 45.dxe6  1-0

[Event "Groningen PCA"]
[Site "Groningen"]
[Date "1993.??.??"]
[Round "1"]
[White "Topalov, Veselin"]
[Black "Granda Zuniga, Julio E"]
[Result "1/2-1/2"]
[WhiteElo "2650"]
[BlackElo "2605"]

1.e4 d6 2.d4 g6 3.Nc3 Bg7 4.Be3 c6 5.Qd2 Nd7 6.f3 b5 7.h4 b4 8.Nd1 Qa5 9.Nf2 Rb8
10.h5 gxh5 11.Ne2 Ngf6 12.Ng3 Rg8 13.Nd3 Ba6 14.Kf2 Bxd3 15.Bxd3 c5 16.Nf5 Qc7
17.c3 bxc3 18.Nxg7+ Rxg7 19.bxc3 e5 20.Rab1 Ke7 21.Rxb8 Qxb8 22.dxc5 Nxc5
23.Bxc5 dxc5 24.Rb1 Qd6 25.Rb7+ Nd7 26.Qe3 a6 27.Ra7 Qb6 28.Rxa6 Qb2+ 29.Be2 Rg6
30.Ra7 Qb6 31.Ra8 Qf6 32.Ra7 Qb6 33.Ra6 Qb2 34.Ra8 h6 35.Ra7 Rc6 36.a4 c4
37.a5 Qb5 38.Kg3 Ra6 39.Kh2 Qxa5 40.Rb7 Rc6 41.Bxc4 Rc7 42.Rxc7 Qxc7 43.Bd5 Qd6
44.Qf2 Qf6 45.c4 Qf4+ 46.Qg3 Qg5 47.Kh3 f5 48.Qxg5+ hxg5 49.exf5 Nf6 50.Be6 Kd6
51.Bf7 Kc5 52.Kg3 Kd4 53.Kf2 h4 54.Be6 Nh5  1/2-1/2

[Event "Groningen PCA"]
[Site "Groningen"]
[Date "1993.??.??"]
[Round "2"]
[White "Granda Zuniga, Julio E"]
[Black "Georgiev, Kiril"]
[Result "0-1"]
[WhiteElo "2605"]
[BlackElo "2660"]

1.d4 Nf6 2.c4 e6 3.Nc3 Bb4 4.Qc2 O-O 5.a3 Bxc3+ 6.Qxc3 b6 7.Bg5 Bb7 8.e3 d6
9.f3 h6 10.Bh4 Nbd7 11.Bd3 c5 12.Ne2 Rc8 13.O-O Ba6 14.a4 cxd4 15.exd4 d5
16.b3 dxc4 17.Bxc4 Re8 18.Rfd1 Rc6 19.Rac1 Qa8 20.Qb4 Bxc4 21.bxc4 Rec8 22.Rc3 Qb7
23.Rdc1 Qc7 24.Bg3 Qd8 25.Qb5 e5 26.Qa6 Nh5 27.Bf2 exd4 28.Nxd4 Rg6 29.Ne2 Nc5
30.Qb5 a6 31.Qb1 Nxa4 32.Rd3 Qe7 33.Re3 Qc7 34.Re1 Rf8 35.Qa2 Nc5 36.Nc3 Nf6
37.Nd5 Nxd5 38.cxd5 a5 39.Bh4 Nd7 40.Be7 Rc8 41.Ba3 Qc2 42.Qxc2 Rxc2 43.g3 Rd2
44.d6 Nc5  0-1

[Event "Groningen PCA"]
[Site "Groningen"]
[Date "1993.??.??"]
[Round "3"]
[White "Akopian, Vladimir"]
[Black "Granda Zuniga, Julio E"]
[Result "1/2-1/2"]
[WhiteElo "2600"]
[BlackElo "2605"]

1.d4 Nf6 2.c4 e6 3.Nf3 b6 4.a3 Bb7 5.Nc3 d5 6.cxd5 Nxd5 7.Bd2 Nd7 8.Qc2 Be7
9.e4 Nxc3 10.Bxc3 O-O 11.O-O-O Qc8 12.h4 Rd8 13.Rh3 h6 14.d5 Nf6 15.Ng5 hxg5
16.hxg5 Ng4 17.f4 Bc5 18.Bxg7 Kxg7 19.Qc3+ e5 20.Be2 Bd6 21.f5 Rg8 22.Bxg4 Kf8
23.Qf3 c6 24.f6 Qc7 25.Kb1 cxd5 26.exd5 Qc4 27.g6 Rxg6 28.Rh8+ Rg8 29.Rxg8+ Kxg8
30.Bf5 Qh4 31.Be4 Qf4 32.Rh1 Qxf3 33.gxf3 Rd8 34.Bh7+ Kf8 35.Bc2 Kg8 36.Rg1+ Kf8
37.Rh1 Kg8 38.Bh7+ Kf8 39.Bd3 Kg8 40.Rg1+ Kf8  1/2-1/2

[Event "Groningen PCA"]
[Site "Groningen"]
[Date "1993.??.??"]
[Round "4"]
[White "Granda Zuniga, Julio E"]
[Black "Oll, Lembit"]
[Result "1-0"]
[WhiteElo "2610"]
[BlackElo "2595"]

1.d4 Nf6 2.c4 g6 3.Nf3 Bg7 4.g3 c6 5.Bg2 d5 6.cxd5 cxd5 7.O-O O-O 8.Nc3 e6
9.Ne5 Nfd7 10.f4 Nc6 11.Be3 Nb6 12.Bf2 f6 13.Nxc6 bxc6 14.Rc1 Rb8 15.b3 Bd7
16.e4 Kh8 17.Qd2 Be8 18.e5 g5 19.exf6 Bxf6 20.fxg5 Bxg5 21.Be3 Rxf1+ 22.Rxf1 Bf6
23.Bh3 Bf7 24.Na4 Nd7 25.Bf4 Rc8 26.Bd6 Bg8 27.Rxf6 Qxf6 28.Nc5 Nxc5 29.Be5 Qxe5
30.dxe5 Nd7 31.Qa5 c5 32.Qxa7 Nxe5 33.Qe7  1-0

[Event "Groningen PCA"]
[Site "Groningen"]
[Date "1993.??.??"]
[Round "5"]
[White "Serper, Grigory"]
[Black "Granda Zuniga, Julio E"]
[Result "1/2-1/2"]
[WhiteElo "2575"]
[BlackElo "2605"]

1.c4 e5 2.g3 Nf6 3.Bg2 d5 4.cxd5 Nxd5 5.Nc3 Nb6 6.Nf3 Nc6 7.O-O Be7 8.Rb1 f6
9.d3 Be6 10.a3 O-O 11.b4 Qd7 12.Ne4 Nd5 13.Qc2 Rac8 14.Nc5 Bxc5 15.bxc5 b6
16.Bb2 Rfd8 17.Rbd1 bxc5 18.Qxc5 Nb6 19.Ng5 Ne7 20.Nxe6 Qxe6 21.Ba1 c6 22.Rc1 Rc7
23.Rc2 Rb8 24.Rfc1 Nd7 25.Qc4 Qxc4 26.Rxc4 Rb3 27.R4c3 Rcb7 28.f4 exf4 29.gxf4 Nf8
30.Kf2 Ne6 31.e3 Kf7 32.Ke2 Rxc3 33.Bxc3 Rb3 34.a4 Ra3 35.a5 Nc5 36.Rc2 Na6
37.Bd2 c5 38.Bb7 Nb4 39.Rxc5 Nxd3 40.Rc3 Rxc3 41.Bxc3 Nc5 42.Bf3 Ke6 43.Bb4 Kd6
44.Kd2 Nc6 45.Kc3 Nxb4 46.Kxb4 Na6+ 47.Kc4 g5 48.Be2  1/2-1/2

[Event "Groningen PCA"]
[Site "Groningen"]
[Date "1993.??.??"]
[Round "6"]
[White "Granda Zuniga, Julio E"]
[Black "Khalifman, Alexander"]
[Result "1/2-1/2"]
[WhiteElo "2605"]
[BlackElo "2645"]

1.d4 d5 2.c4 c6 3.Nc3 Nf6 4.Nf3 e6 5.e3 Nbd7 6.Bd3 dxc4 7.Bxc4 b5 8.Bd3 a6
9.O-O c5 10.Qe2 Bb7 11.Rd1 Qb8 12.b3 Bd6 13.h3 O-O 14.Bb2 cxd4 15.Nxd4 Rd8
16.Rac1 Nc5 17.Bb1 Be7 18.Nf3 Rxd1+ 19.Nxd1 Ncd7 20.Nd4 Qd6 21.Nc3 Rc8 22.Qf1 Qb8
23.Nce2 Bd6 24.Nf3 Rxc1 25.Qxc1 Qa8 26.Ne1 h6 27.Nd4 Ne5 28.Qd1 Qb8  1/2-1/2